Keranamu Ainon... (Record no. 63524)

MARC details
000 -LEADER
fixed length control field 00629nam a2200241 i 4500
001 - CONTROL NUMBER
control field C2-0250138
003 - CONTROL NUMBER IDENTIFIER
control field PPAK
005 - DATE AND TIME OF LATEST TRANSACTION
control field 20180727213925.0
008 - FIXED-LENGTH DATA ELEMENTS--GENERAL INFORMATION
fixed length control field 030612s2002 my |||| ||||| | may d
020 ## - INTERNATIONAL STANDARD BOOK NUMBER
International Standard Book Number 9838934631
040 ## - CATALOGING SOURCE
Original cataloging agency PPAK
Language of cataloging eng
Transcribing agency PPAK
Description conventions rda
082 04 - DEWEY DECIMAL CLASSIFICATION NUMBER
Classification number 899.233
Edition number 23
090 00 - LOCALLY ASSIGNED LC-TYPE CALL NUMBER (OCLC); LOCAL CALL NUMBER (RLIN)
Classification number (OCLC) (R) ; Classification number, CALL (RLIN) (NR) 899.233
Feature heading MAT
Feature heading G
100 0# - MAIN ENTRY--PERSONAL NAME
Personal name Matt Romeo,
Relator term author
245 10 - TITLE STATEMENT
Title Keranamu Ainon...
264 #1 - PRODUCTION, PUBLICATION, DISTRIBUTION, MANUFACTURE, AND COPYRIGHT NOTICE
Place of production, publication, distribution, manufacture Kuala Lumpur :
Name of producer, publisher, distributor, manufacturer Creative Enterprise ,
Date of production, publication, distribution, manufacture, or copyright notice [2002]
300 ## - PHYSICAL DESCRIPTION
Extent 276 pages ;
Dimensions 19 cm
336 ## - CONTENT TYPE
Source rdacontent
Content type term text
337 ## - MEDIA TYPE
Source rdamedia
Media type term unmediated
338 ## - CARRIER TYPE
Source rdacarrier
Carrier type term volume
650 10 - SUBJECT ADDED ENTRY--TOPICAL TERM
Topical term or geographic name entry element Malay fiction
942 ## - ADDED ENTRY ELEMENTS (KOHA)
-- dc
Koha item type Book
Holdings
Withdrawn Not for loan Current library Shelving location Date acquired Full call number Barcode Date last seen Koha item type Total Checkouts Total Renewals Date last checked out
    Perpustakaan Bandar Baharu Pinjaman Dewasa 25/06/2003 899.233 MAT A01029376 08/05/2018 Book      
    Perpustakaan Kulim Pinjaman Dewasa 25/06/2003 899.233 MAT A01029374 18/08/2019 Book 1 1 07/07/2019
    Perpustakaan Sik Pinjaman Dewasa 25/06/2003 899.233 MAT A01029377 08/05/2018 Book      
    Perpustakaan Yan Pinjaman Dewasa 25/06/2003 899.233 MAT A01029375 08/05/2018 Book